Migraciones en el desarrollo capitalista brasileño: ensayo de interpretación histórico-comparativa

Guardado en:
Bibliografiske detaljer
Hovedforfatter: Balán, Jorge
Format: Texto
Udgivet: s.n.t. :
Tags: Tilføj Tag
Ingen Tags, Vær først til at tagge denne postø!

MARC

LEADER 00000 a a2200000 04500
001 17280
003
040
090 |a 010900  
100 |a Balán, Jorge  
245 |a Migraciones en el desarrollo capitalista brasileño: ensayo de interpretación histórico-comparativa  
260 |a s.n.t. :  
300 |a 89 p.  
999 |c 5349  |d 5349